Visualizzazione normale
Vista MARC
- De Mura Ettore
di Personal Name
Records bibliografici associati: 1
001 - CONTROL NUMBER
- control field: 11055
003 - CONTROL NUMBER IDENTIFIER
- control field: IT-RoPau
005 - DATE AND TIME OF LATEST TRANSACTION
- control field: 20140128091724.0
008 - FIXED-LENGTH DATA ELEMENTS
- fixed length control field: 140128|| aca||aabn | a|a d
040 ## - CATALOGING SOURCE
- Original cataloging agency: IT-RoPau
- Transcribing agency: IT-RoPau
100 ## - HEADING--PERSONAL NAME
- Personal name: De Mura Ettore
- Miscellaneous information: Codice autore testo/musica SPICS: 13721
- Relator term: Autore testo/musica
- Name of part/section of a work: Lettera da Milano
670 ## - SOURCE DATA FOUND
- Source citation: Work cat.: (IT-RoPau)101328: Carosone Renato 11046, Renato Carosone '82